Länderflaggen mit entferntem Grün 2 - Statistiken

Allgemein
  • Dieses Quiz wurde 106 mal gespielt
  • Das Durchschnittsergebnis liegt bei 11 aus 16
Antwortstatistiken
Bildquiz Antwort % Korrekt
Brasilien
100%
Indien
96%
Malawi
86%
Zentralafrikanische Republik
77%
Mauretanien
76%
Burkina Faso
74%
Guyana
74%
Malediven
71%
Mali
71%
Bolivien
67%
Guinea Bissau
64%
Republik Kongo
64%
Gambia
62%
Komoren
62%
Ungarn
56%
Bulgarien
47%
Keine übereinstimmenden Quizze gefunden
Verteilung der Resultate
Anzahl Personen mit jedem Resultat
Perzentil nach korrekt beantworteten Fragen
Ihre Resultats-Entwicklung
Sie haben dieses Quiz noch nicht gespielt